From grammar to fluency in 30 days / (Record no. 2963)
[ view plain ]
| 000 -LEADER | |
|---|---|
| fixed length control field | 00651nam a22002537a 4500 |
| 003 - CONTROL NUMBER IDENTIFIER | |
| control field | OSt |
| 005 - DATE AND TIME OF LATEST TRANSACTION | |
| control field | 20140310181745.0 |
| 008 - FIXED-LENGTH DATA ELEMENTS--GENERAL INFORMATION | |
| fixed length control field | 130307t xxu||||| |||| 00| 0 eng d |
| 020 ## - INTERNATIONAL STANDARD BOOK NUMBER | |
| International Standard Book Number | 9719331712 |
| 050 ## - LIBRARY OF CONGRESS CALL NUMBER | |
| Classification number | PE 1112 |
| Item number | .Av945 2007 |
| 082 ## - DEWEY DECIMAL CLASSIFICATION NUMBER | |
| Classification number | IB 428.2422 |
| Item number | AV1 2007 |
| 100 ## - MAIN ENTRY--PERSONAL NAME | |
| Personal name | Avalos, Adelaida |
| 245 ## - TITLE STATEMENT | |
| Title | From grammar to fluency in 30 days / |
| Statement of responsibility, etc | Adelaida Avalos. |
| 260 ## - PUBLICATION, DISTRIBUTION, ETC. (IMPRINT) | |
| Place of publication, distribution, etc | Los Banos, Laguna : |
| Name of publisher, distributor, etc | FPR Pub., |
| Date of publication, distribution, etc | 2007. |
| 300 ## - PHYSICAL DESCRIPTION | |
| Extent | 308 p. : |
| Dimensions | 27 cm |
| Other physical details | ill. ; |
| 650 ## - SUBJECT ADDED ENTRY--TOPICAL TERM | |
| Source of heading or term | English language--Grammar. |
| 942 ## - ADDED ENTRY ELEMENTS (KOHA) | |
| Source of classification or shelving scheme | Library of Congress Classification |
| Koha item type | Books |
| Withdrawn status | Lost status | Source of classification or shelving scheme | Damaged status | Home library | Current library | Shelving location | Date acquired | Total Checkouts | Full call number | Barcode | Date last seen | Copy number | Price effective from | Koha item type |
|---|---|---|---|---|---|---|---|---|---|---|---|---|---|---|
| Library of Congress Classification | Luxembourg Library | Luxembourg Library | International Baccalaureate Section | 06/21/2013 | PE 1112 .Av945 2007 | 15284 | 08/13/2013 | 2 | 06/21/2013 | Books | ||||
| Library of Congress Classification | Luxembourg Library | Luxembourg Library | International Baccalaureate Section | 06/21/2013 | PE 1112 .Av945 2007 | 15283 | 08/13/2013 | 3 | 06/21/2013 | Books | ||||
| Library of Congress Classification | Luxembourg Library | Luxembourg Library | International Baccalaureate Section | 06/21/2013 | PE 1112 .Av945 2007 | 15282 | 08/13/2013 | 3 | 06/21/2013 | Books | ||||
| Library of Congress Classification | Luxembourg Library | Luxembourg Library | International Baccalaureate Section | 08/01/2013 | PE 1112 .Av945 2007 | 15281 | 08/13/2013 | 4 | 08/01/2013 | Books | ||||
| Library of Congress Classification | Luxembourg Library | Luxembourg Library | Teachers Reference Section | 10/24/2013 | PE 1112 .Av945 2007 | 15032 | 10/24/2013 | 1 | 10/24/2013 | Books |